Countries of the World with their First Letter - Statistics

General Stats
  • This quiz has been taken 14 times
  • The average score is 139 of 194
Answer Stats
First Letter Countries % Correct
A Albania
100%
A Algeria
100%
A Australia
100%
B Brazil
100%
C Chile
100%
C China
100%
A Afghanistan
90%
A Andorra
90%
A Angola
90%
A Austria
90%
A Azerbaijan
90%
B Bahrain
90%
B Bangladesh
90%
B Belarus
90%
B Belgium
90%
B Bolivia
90%
B Bosnia and Herzegovina
90%
B Brunei
90%
B Burkina Faso
90%
B Burundi
90%
C Comoros
90%
C Cyprus
90%
C Czechia
90%
F France
90%
I India
90%
K Kazakhstan
90%
A Antigua and Barbuda
80%
A Argentina
80%
A Armenia
80%
B Barbados
80%
B Belize
80%
B Benin
80%
B Bhutan
80%
B Bulgaria
80%
C Cambodia
80%
C Canada
80%
C Central African Republic
80%
C Chad
80%
C Congo
80%
C Costa Rica
80%
C Croatia
80%
C Cuba
80%
D Djibouti
80%
D Dominican Republic
80%
E Egypt
80%
E Eritrea
80%
E Estonia
80%
F Fiji
80%
G Germany
80%
G Greece
80%
H Honduras
80%
I Iceland
80%
I Iran
80%
I Iraq
80%
I Israel
80%
I Italy
80%
J Jamaica
80%
J Japan
80%
J Jordan
80%
K Kuwait
80%
L Latvia
80%
L Lithuania
80%
M Malawi
80%
M Maldives
80%
M Mongolia
80%
M Morocco
80%
R Romania
80%
R Russia
80%
T Tunisia
80%
T Turkey
80%
U United Kingdom
80%
U United States of America
80%
B Bahamas
70%
B Botswana
70%
C Cameroon
70%
C Colombia
70%
D Denmark
70%
D Dominica
70%
E East Timor
70%
E Ecuador
70%
E Eswatini
70%
E Ethiopia
70%
F Finland
70%
G Gabon
70%
G Gambia
70%
G Guatemala
70%
H Haiti
70%
H Hungary
70%
I Indonesia
70%
K Kenya
70%
K Kiribati
70%
K Kyrgyzstan
70%
L Laos
70%
L Lebanon
70%
L Lesotho
70%
L Liechtenstein
70%
M Madagascar
70%
M Malaysia
70%
M Mali
70%
M Marshall Islands
70%
M Mauritius
70%
M Mexico
70%
M Micronesia
70%
M Monaco
70%
M Mozambique
70%
N Nepal
70%
N New Zealand
70%
N Nicaragua
70%
N Niger
70%
N Nigeria
70%
N North Korea
70%
N Norway
70%
O Oman
70%
P Panama
70%
P Peru
70%
P Portugal
70%
Q Qatar
70%
R Rwanda
70%
S Saint Kitts and Nevis
70%
S Saudi Arabia
70%
S Slovakia
70%
S Slovenia
70%
S South Africa
70%
S South Korea
70%
S Spain
70%
S Suriname
70%
S Switzerland
70%
S Syria
70%
T Tajikistan
70%
T Thailand
70%
T Turkmenistan
70%
U Uganda
70%
U Ukraine
70%
U United Arab Emirates
70%
U Uruguay
70%
V Vatican City
70%
V Venezuela
70%
V Vietnam
70%
Y Yemen
70%
Z Zimbabwe
70%
E El Salvador
60%
E Equatorial Guinea
60%
G Georgia
60%
G Ghana
60%
G Guinea
60%
G Guinea-Bissau
60%
G Guyana
60%
I Ireland
60%
L Liberia
60%
L Libya
60%
L Luxembourg
60%
M Malta
60%
M Mauritania
60%
M Moldova
60%
M Myanmar
60%
N Namibia
60%
N Netherlands
60%
N North Macedonia
60%
P Pakistan
60%
P Palau
60%
P Paraguay
60%
P Philippines
60%
P Poland
60%
S Saint Lucia
60%
S Saint Vincent and the Grenadines
60%
S San Marino
60%
S Sao Tome and Principe
60%
S Senegal
60%
S Serbia
60%
S Sierra Leone
60%
S Singapore
60%
S Sri Lanka
60%
S Sweden
60%
T Tanzania
60%
T Togo
60%
T Tonga
60%
T Trinidad and Tobago
60%
U Uzbekistan
60%
V Vanuatu
60%
Z Zambia
60%
G Grenada
50%
I Ivory Coast
50%
M Montenegro
50%
N Nauru
50%
P Papua New Guinea
50%
S Samoa
50%
S Seychelles
50%
S Solomon Islands
50%
S South Sudan
50%
S Sudan
50%
T Tuvalu
50%
C Cabo Verde
40%
S Somalia
40%
D Democratic Republic of the Congo
30%
No matching quizzes found
Score Distribution
Percent of People with Each Score
Percentile by Number Answered
Your Score History
You have not taken this quiz